000 00319nam a22001457a 4500
008 210527b ||||| |||| 00| 0 eng d
020 _a3540113738
041 _aeng
080 _a621
082 _a621
100 _a26
101 _aMEK
245 _aCyclic and Event Stratification
_cG. Einsele
942 _2udc
_cBK
999 _c57744
_d57744